| 000 | 01368nam a22002417a 4500 | ||
|---|---|---|---|
| 001 | 8134 | ||
| 003 | FISKH | ||
| 005 | 20250827151828.0 | ||
| 008 | 250827b cb ||||| |||| 00| 0 eng d | ||
| 020 | _a9780794419691 | ||
| 040 |
_aFISKH _beng _cFISKH _dFISKH |
||
| 050 | _aM1997 | ||
| 082 | _a782.42164 | ||
| 100 | _aMcDoogle, Farrah | ||
| 245 |
_aSesame Street music player storybook: _bCollector's edition / _cstories written by Farrah McDoogle ; illustrations by Tom Brannon |
||
| 260 |
_aNew York : _bDigest Children's Books, _c2007. |
||
| 300 |
_a38 pages : _bcolor illustrations ; _c32 cm |
||
| 520 | _aThis best-selling title has a refreshed cover to celebrate Sesame Street's 45th anniversary. Celebrate Sesame Street's 45th anniversary with this special-edition Music Player Storybook. Inside, preschoolers will find a delightful mix of stories, lyrics, and popular beloved kids' tunes. Featured on the four play CDs are favorite instrumental songs from the TV show ("Rubber Duckie," "C Is for Cookie," "Sesame Street Theme," and "People in Your Neighborhood") plus 20 popular kids' songs. With fun instrumental tunes like "The Muffin Man" and "Five Little Ducks," this deluxe set will keep kids singing and dancing for hours! | ||
| 650 |
_aSesame Street _vInteractive |
||
| 700 |
_aBrannon, Tom _eillustrator |
||
| 942 |
_2ddc _cBK _n0 |
||
| 999 |
_c8134 _d8134 |
||